عرض عادي عرض مارك
  • Mattis, James N.,

دخول Personal Name

عدد التسجيلات المستخدمة: 1

001 - CONTROL NUMBER

  • control field: 11731

003 - CONTROL NUMBER IDENTIFIER

  • control field: AE-AdECS

005 - DATE AND TIME OF LATEST TRANSACTION

  • control field: 20250203133530.0

008 - FIXED-LENGTH DATA ELEMENTS

  • fixed length control field: 250203|| aca||aabn | a|a d

040 ## - CATALOGING SOURCE

  • Original cataloging agency: AE-AdECS
  • Transcribing agency: AE-AdECS

100 ## - HEADING--PERSONAL NAME

  • Personal name: Mattis, James N.,
  • Dates associated with a name: 1950-

670 ## - SOURCE DATA FOUND

  • Source citation: Work cat.: (AE-AdECS)289133: McKenzie, Kenneth F., author. 11727, The melting point :

أبوظبي، الإمارات العربية المتحدة

reference@ecssr.ae

97124044780 +

حقوق النشر © 2026 مركز الإمارات للدراسات والبحوث الاستراتيجية جميع الحقوق محفوظة